[Event "CZE-ch sf12 corr"]
[Site "Czechia"]
[Date "2003.??.??"]
[Round "?"]
[White "Zatrapa, Petr"]
[Black "Mikoska, Josef"]
[Result "1/2-1/2"]
[WhiteElo "2280"]
[BlackElo "2210"]
[PlyCount "58"]
[EventDate "2001.??.??"]
[EventType "tourn (corr)"]
[EventRounds "14"]
[EventCountry "CZE"]
[SourceTitle "Corr 2006"]
[Source "ChessBase"]
[SourceDate "2006.04.01"]
[SourceVersion "3"]
[SourceVersionDate "2006.04.01"]
[SourceQuality "1"]

1. e4 e5 2. f4 exf4 3. Bc4 Nf6 4. Nc3 c6 5. d4 d5 6. exd5 cxd5 7. Bb3 Bb4 8. Nf3 Qe7+ 9. Ne5 Nc6 10. Bxf4 Ne4 11. 0-0 Nxc3 12. bxc3 Bxc3 13. Bxd5 0-0 14. Nxc6 bxc6 15. Bxc6 Ba6 16. Re1 Qf6 17. Bxa8 Qxf4 18. Bf3 Bxd4+ 19. Kh1 Bxa1 20. Qxa1 Bc4 21. a3 Be6 22. Qc3 Rd8 23. Qa5 Qd2 24. Re5 Qd4 25. h3 Rc8 26. Re4 Qf2 27. Kh2 h6 28. Ra4 Qe3 29. Be4 Qf4+ 1/2-1/2